Eficacia de la acupuntura en la cefalea/migraña y diferentes situaciones = (Registro nro. 66366)

Detalles MARC
000 -ENCABEZADO
Número de control [NR] 01405nam a2200277Ia 4500
008 - DE LONGITUD FIJA DE DATOS DE ELEMENTOS - INFORMACIÓN GENERAL
Elementos de longitud fija [NR] 130821s2007 sp gs mul
020 ## - NUMERO INTERNACIONAL NORMALIZADO PARA LIBROS [R]
Número Internacional Normalizado del libro [NR] 9788496990098
040 ## - FUENTE DE CATALOGACION [NR]
Agencia de catalogación original [NR] Co-BoUCM
Idioma de catalogación [NR] spa
041 00 - CODIGO DE IDIOMA [R]
Código de idioma para texto/pista de sonido o título separado [R]
092 ## - SIGNATURA TOPOGRAFICA LOCAL
Número de clasificación local CDM 0205
100 1# - ASIENTO PRINCIPAL--NOMBRE PERSONAL [NR]
Nombre personal [NR] Martínez Pecino, Flora
245 10 - MENCION DE TITULO [NR]
Título [NR] Eficacia de la acupuntura en la cefalea/migraña y diferentes situaciones =
Parte restante del título [NR] The efficacy of acupuncture in the treatment of cephalalgia/migraine and different conditions
-- executive summary
Mención de responsabilidad, etc. [NR] [CD-ROM]
-- Flora Martínez Pecino, Ivan Solá Arnau, María Betina Nishishinya Aquino ; [traducido por : Leda Ojeda Florido]
246 11 - FORMA VARIANTE DEL TITULO [R]
Título propiamente dicho/forma breve del título [NR] The efficacy of acupuncture in the treatment of cephalalgia/migraine and different conditions
Parte restante del título [NR] executive summary
260 ## - PUBLICACION, DISTRIBUCION, ETC. (PIE DE IMPRENTA) [R]
Lugar de publicación, distribución, etc. [R] Sevilla (Andalucía, España)
Nombre del editor, distribuidor, etc. [R] Agencia de Evaluación de Tecnologías Sanitarias de Andalucía Ministerio de Sanidad y Consumo
Fecha de publicación, distribución, etc. [R] 2007
300 ## - DESCRIPCION FISICA [R]
Extensión [R] 1 CD-ROM
650 04 - ASIENTO SECUNDARIO DE MATERIA - TERMINO TEMATICO [R]
Término temático o nombre geográfico como elemento de entrada [NR] Acupuntura
Subdivisión de forma [R] CD-ROM
9 (RLIN) 8498
650 04 - ASIENTO SECUNDARIO DE MATERIA - TERMINO TEMATICO [R]
Término temático o nombre geográfico como elemento de entrada [NR] Cefalalgia
Subdivisión general [R] Tratamiento y control
Subdivisión de forma [R] CD-ROM
9 (RLIN) 10631
650 04 - ASIENTO SECUNDARIO DE MATERIA - TERMINO TEMATICO [R]
Término temático o nombre geográfico como elemento de entrada [NR] Medicina basada en la evidencia
Subdivisión de forma [R] CD-ROM
9 (RLIN) 19133
650 04 - ASIENTO SECUNDARIO DE MATERIA - TERMINO TEMATICO [R]
Término temático o nombre geográfico como elemento de entrada [NR] Neurología
9 (RLIN) 20299
700 1# - ASIENTO SECUNDARIO - NOMBRE PERSONAL [R]
Nombre personal [NR] Nishishinya Aquino, María Betina
700 1# - ASIENTO SECUNDARIO - NOMBRE PERSONAL [R]
Nombre personal [NR] Solá Arnau, Ivan
710 1# - ASIENTO SECUNDARIO - NOMBRE CORPORATIVO [R]
Nombre corporativo o de jurisdicción como elemento de entrada [NR] España.
Unidad subordinada [R] Ministerio de Sanidad y Consumo
710 2# - ASIENTO SECUNDARIO - NOMBRE CORPORATIVO [R]
Nombre corporativo o de jurisdicción como elemento de entrada [NR] Agencia de Evaluación de Tecnologías Sanitarias de Andalucía
710 2# - ASIENTO SECUNDARIO - NOMBRE CORPORATIVO [R]
Nombre corporativo o de jurisdicción como elemento de entrada [NR] Escuela Andaluza de Salud Pública
942 ## - ELEMENTOS DE ENTRADA AGREGADOS (KOHA)
Tipo de ítem principal el descrito en 300a Multimedia
Sistema de clasificación LOCAL
Tema principal Medicina
Edición 1
Existencias
Fecha de último préstamo Signatura topográfica Código de barras Última vez visto Ejemplar Price effective from Tipo de ítem Perdido Sistema de clasificación Dañado No prestable Tipo de ítem específico Suprimido Ubicación habitual Ubicación actual Localización Fecha de creación Forma de adquisición Costo
21/06/2010 CDM 0205 200019756 12/12/2025 Ej.1 03/02/2013 Multimedia   LOCAL     CD-Rom   Quinta de Mutis Quinta de Mutis Colección digital 28/02/2010 Donación 26000.00